[Event "AUTO-OPEN-1139"]
[Site "http://www.queenalice.com/game.php?id=406355"]
[Date "2008.5.21"]
[Round "1"]
[White "dante72"]
[Black "Stefan91"]
[Result "1-0"]
[WhiteElo "2019"]
[BlackElo "1514"]

1. e4 e6 2. Nf3 d5 3. exd5 exd5 4. d4 Bg4 5. Be2 Nc6 6. Be3 Bd6 7. O-O Nge7 8.
c4 dxc4 9. Bxc4 Qd7 10. Nbd2 O-O 11. Qc2 Rad8 12. Ng5 Bf5 13. Qb3 Na5 14. Bxf7+
Kh8 15. Qc3 1-0

[Event "AUTO-OPEN-1139"]
[Site "http://www.queenalice.com/game.php?id=406356"]
[Date "2008.5.21"]
[Round "1"]
[White "Stefan91"]
[Black "J_Ricardo"]
[Result "0-1"]
[WhiteElo "1760"]
[BlackElo "1628"]

1. c4 c5 2. Nf3 h6 3. b3 d6 4. Bb2 e5 5. d3 Nf6 6. g3 Ng4 7. h3 Nf6 8. Nbd2 b6
9. Bg2 Bb7 10. O-O Nbd7 11. e4 Be7 12. Nh4 g6 13. f4 exf4 14. gxf4 Qc7 15. Nhf3
a6 16. e5 dxe5 17. fxe5 Nxe5 0-1

[Event "AUTO-OPEN-1139"]
[Site "http://www.queenalice.com/game.php?id=406357"]
[Date "2008.5.21"]
[Round "1"]
[White "J_Ricardo"]
[Black "Stefan91"]
[Result "1-0"]
[WhiteElo "1603"]
[BlackElo "1830"]

1. e4 e6 2. d3 d5 3. e5 c5 4. Nf3 Nc6 5. Be3 Nge7 6. Bxc5 Qa5+ 7. b4 Nxb4 8.
Nfd2 Qxc5 9. c3 Nbc6 10. d4 Qa5 11. Nb3 Qc7 12. Bd3 Na5 13. Nxa5 Qxa5 14. a3 Bd7
15. O-O Rc8 16. Qe2 Nc6 17. Ra2 Be7 18. Bc2 1-0

[Event "AUTO-OPEN-1142"]
[Site "http://www.queenalice.com/game.php?id=407993"]
[Date "2008.5.25"]
[Round "1"]
[White "Stefan91"]
[Black "ribeiroBR"]
[Result "0-1"]
[WhiteElo "1556"]
[BlackElo "1891"]

1. c4 Nf6 2. Nc3 e5 3. Nf3 Nc6 4. e3 Be7 5. d4 exd4 6. exd4 O-O 7. d5 Nb8 8. Be2
Bb4 9. Bd2 Re8 10. O-O d6 11. a3 Ba5 12. b4 Bb6 13. Re1 Ng4 14. h3 Nxf2 15. Qc2
Nd3+ 16. Kh2 Nxe1 0-1

[Event "AUTO-OPEN-1142"]
[Site "http://www.queenalice.com/game.php?id=407994"]
[Date "2008.5.25"]
[Round "1"]
[White "ribeiroBR"]
[Black "Stefan91"]
[Result "1-0"]
[WhiteElo "1894"]
[BlackElo "1553"]

1. e4 e6 2. Nf3 d5 3. e5 c5 4. Bb5+ Bd7 5. Be2 Nc6 6. O-O f6 7. exf6 Nxf6 8. Nc3
Be7 9. d4 cxd4 10. Nxd4 O-O 11. Be3 e5 12. Nxc6 bxc6 13. Nb1 Qc7 14. c3 Rab8 15.
b4 e4 16. a3 1-0

[Event "Let's Play Chess!"]
[Site "http://www.queenalice.com/game.php?id=655941"]
[Date "2009.9.21"]
[Round "-"]
[White "Stefan91"]
[Black "TheRealHousekeeper"]
[Result "0-1"]
[WhiteElo "1465"]
[BlackElo "2175"]

1. c4 e5 2. Nc3 c6 3. Nf3 d6 4. d4 Nd7 5. e4 Ngf6 6. Be2 Be7 7. O-O O-O 8. dxe5
dxe5 9. Qc2 Qc7 10. Rd1 Nc5 11. Be3 Bg4 12. h3 Bh5 13. b4 Ne6 14. a3 Rfd8 15.
Rxd8+ Rxd8 16. Rd1 Bxf3 17. Bxf3 Nd4 18. Bxd4 exd4 19. Ne2 c5 20. bxc5 Bxc5 21.
g3 Qe5 22. Bg2 Re8 23. f3 d3+ 0-1

[Event "AUTO-INT-1455"]
[Site "http://www.queenalice.com/game.php?id=656060"]
[Date "2009.9.21"]
[Round "1"]
[White "Stefan91"]
[Black "ichabod"]
[Result "1-0"]
[WhiteElo "1502"]
[BlackElo "1575"]

1. d4 d5 2. Nf3 Bf5 3. c4 dxc4 4. Nc3 Nc6 5. d5 Nb4 6. Qa4+ c6 7. Qxb4 Qb6 8.
Qxb6 axb6 9. e4 Bg4 10. Ne5 Nf6 11. dxc6 bxc6 12. Nxc6 Kd7 13. Ne5+ Ke6 14. Nxg4
Nxg4 15. Bxc4+ Kd6 16. Bf4+ e5 17. Bd2 Kc5 18. Be2 h5 19. h3 Nf6 20. O-O h4 21.
Be3+ Kc6 22. Bb5+ Kb7 23. Rfd1 Bc5 24. Bxc5 bxc5 25. a4 Kb6 26. Rd6+ Kc7 27.
Rad1 Rh6 28. Rc6+ Kb7 29. Nd5 Nxd5 30. exd5 Rxc6 31. Bxc6+ Kb8 32. Bxa8 Kxa8 33.
d6 f5 34. d7 Ka7 35. d8=Q Ka6 36. Rd6+ Kb7 37. Qb6+ Kc8 38. Rd8# 1-0

[Event "AUTO-INT-1455"]
[Site "http://www.queenalice.com/game.php?id=656061"]
[Date "2009.9.21"]
[Round "1"]
[White "ichabod"]
[Black "Stefan91"]
[Result "1-0"]
[WhiteElo "1421"]
[BlackElo "1483"]

1. d4 Nf6 2. c4 g6 3. d5 Bg7 4. Nc3 O-O 5. e4 e5 6. dxe6 dxe6 7. e5 Nfd7 8. f4
f6 9. Nf3 fxe5 10. fxe5 Nxe5 11. Qe2 Nd3+ 12. Qxd3 Bxc3+ 13. Qxc3 Nc6 14. Bg5
1-0

[Event "AUTO-INT-1455"]
[Site "http://www.queenalice.com/game.php?id=656062"]
[Date "2009.9.21"]
[Round "1"]
[White "Stefan91"]
[Black "naves"]
[Result "1-0"]
[WhiteElo "1487"]
[BlackElo "1468"]

1. e4 d5 2. exd5 Qxd5 3. Nc3 Qe5+ 4. Be2 e6 5. Nf3 Qc5 6. d4 Qf5 7. Bd3 Qf6 8.
Bg5 Nd7 9. Bxf6 Ndxf6 10. O-O Nd5 11. Nxd5 exd5 12. Re1+ Be6 13. Ng5 O-O-O 14.
Nxe6 fxe6 15. Rxe6 g6 16. Qe2 Bh6 17. Re8 Nf6 18. Rxh8 Rxh8 19. Qe6+ Nd7 20. Re1
b6 21. Ba6+ Kd8 22. Qe7# 1-0

[Event "AUTO-INT-1455"]
[Site "http://www.queenalice.com/game.php?id=656063"]
[Date "2009.9.21"]
[Round "1"]
[White "naves"]
[Black "Stefan91"]
[Result "0-1"]
[WhiteElo "1485"]
[BlackElo "1470"]

1. e4 c6 2. Qf3 d5 3. Nc3 dxe4 4. Nxe4 Nd7 5. Ng5 Ngf6 6. b3 h6 7. Ne4 Nxe4 8.
Qxe4 Nf6 9. Qe5 e6 10. Bb2 Bd6 11. Qc3 a5 12. O-O-O a4 13. b4 Qb6 14. Nh3 Bxb4
15. Qd3 Be7 16. Qg3 a3 17. Bc3 O-O 18. Be2 e5 19. Bxe5 Bd6 20. Bxd6 Qb2# 0-1

[Event "AUTO-INT-1455"]
[Site "http://www.queenalice.com/game.php?id=656064"]
[Date "2009.9.21"]
[Round "1"]
[White "Stefan91"]
[Black "marcelob2"]
[Result "0-1"]
[WhiteElo "1551"]
[BlackElo "1914"]

1. c4 e5 2. Nc3 Nf6 3. Nf3 Nc6 4. g3 b6 5. Bg2 Bd6 6. d4 O-O 7. Bg5 exd4 8. Nd5
Be7 9. Nxe7+ Qxe7 10. Nxd4 Bb7 11. Nxc6 Bxc6 12. Bxc6 dxc6 13. O-O Rad8 14. Qc2
Qe5 15. Bf4 Qe7 16. Rad1 Rxd1 17. Rxd1 Rd8 18. Rxd8+ Qxd8 19. Qd3 Qxd3 20. exd3
Ne8 21. Kg2 f5 22. Kf3 Kf7 23. b4 b5 24. Ke3 a6 25. Kd4 h6 26. Kc5 g5 27. Bd2
Ke6 28. Kxc6 Ke5 29. Bc3+ Ke6 30. cxb5 axb5 31. Kxb5 Kd5 32. a4 h5 33. a5 Nd6+
34. Ka4 Kc6 35. Bf6 g4 36. Be5 Nb5 37. Bf6 Na7 38. Bd4 Kb7 39. Bxa7 Kxa7 40. Kb5
Kb7 0-1

[Event "AUTO-INT-1455"]
[Site "http://www.queenalice.com/game.php?id=656065"]
[Date "2009.9.21"]
[Round "1"]
[White "marcelob2"]
[Black "Stefan91"]
[Result "0-1"]
[WhiteElo "1877"]
[BlackElo "1521"]

1. e4 c6 2. d4 d5 3. Nc3 dxe4 4. Nxe4 Nd7 5. Nf3 Ngf6 6. Nxf6+ Nxf6 7. Be2 Bf5
8. O-O e6 9. Bg5 Be7 10. Re1 O-O 11. c3 h6 12. Bh4 Qc7 13. Bg3 Qb6 14. b3 Rad8
15. Ne5 c5 16. Nc4 Qc6 17. Bf3 Qc8 18. Rc1 b5 19. Ne5 Nd5 20. c4 Nb4 21. d5 Bg5
22. Ra1 Nc2 23. Re2 Nxa1 24. Qxa1 bxc4 25. Nc6 exd5 26. Nxd8 Qxd8 27. bxc4 d4
28. Re5 Qc8 29. a4 Bf6 30. Re1 d3 31. Qa2 Bc3 32. Re3 Qd7 33. Qb3 Bb4 34. Bd5 d2
35. h3 Re8 36. Bf4 Bc3 37. Rxe8+ Qxe8 38. Be3 Be4 39. Qd1 Bxd5 40. cxd5 Qe4 0-1